000 00527nam a2200157Ia 4500
008 160316s2001 xxu||||| |||| 00| 0 eng d
082 _a341.484000
_bCRA
100 _aCrawley Heaven
245 _aRefugees and gender : Law and process
250 _a
260 _aBristol
_bJordans Publishing Ltd.
_c2001
300 _a379p
_b
_cxxxv
365 _bRs.1,1192.50
650 _a1. Refugee Women - Statutes - U K 2. Women Refugees - Aslym Determination Process - U K 3. Aslym Claims - Gender Related Aspects - U K
700 _a
_a
999 _c19700
_d19700